| 000 | 00697nam a2200193Ia 4500 | ||
|---|---|---|---|
| 003 | GCL | ||
| 008 | 140319s9999 xx 000 0 ara d | ||
| 040 |
_aGCL / _cGCL |
||
| 082 | 0 | 4 |
_a910.01 _bص ج |
| 100 | 1 | _aصلاح الدين الشامى | |
| 245 | 1 | 0 |
_aالجغرافيا المعاصرة: ماذا عن تطور الهدف واحتواء الازمة / _cصلاح الدين الشامى |
| 260 |
_a[S.N] : _bمنشاة المعارف الاسلامية ، _c1987 |
||
| 300 | _a172 ص | ||
| 490 |
_aالكتب الجغرافية _v0 |
||
| 650 | 0 | 4 | _aالجغرافيا الطبيعية |
| 650 | 0 | 4 | _aالجغرافيا |
| 650 | 0 | 4 | _aالجغرافيا البشرية |
| 942 |
_2ddc _cBK |
||
| 999 |
_c32377 _d32377 |
||